Score 0/300 Timer 17:00
8 Plays Today
% Correct
        /        /  And  /  have /        /   in   /  when /        /        
97.8%
        /        /  And  /  And  /        /        /        /        /        
97.6%
        /        /  And  /  And  / known./        /        /        /        
97.6%
        /        /  and  /        /        /        /        /        /        
97.6%
        /        /        /        /        /  One  /  them /        /        
97.4%
 more! /        /    I   /        /        /    I   /        /        /        
93.4%
        /        /        /  One  /        /    I   /        /        /        
93.3%
  One  /        /  you! /        /        /        /        /        /        
92.6%
        /        /  can  /        /        /    I   /        /        /        
92%
        /        /    I   /        /        /   will  /        /        /        
91.7%
        /        /        /    I   /        /   nip  /  your  /        /        
91.1%
        /        /    I   /    I   / caring./        /        /        /        
90.8%
        /        /parted?/        /        /    I   /        /        /        
90.8%
        /        /    I   /        /        /        /        /        /        
90.8%
        /        /        /        /    I   /        /        /        /        
90.8%
        /        /    I   /    I   /        /        /        /        /        
90.8%
        /        /    I   /    I   /        /        /        /        /        
90.8%
        /        /    I   /        /        /        /        /        /        
90.8%
        /        /    I   /        /        /        /        /        /        
90.8%
        /        /    I   /        /        /        /        /        /        
90.8%
        /        /    I   /        /        /        /        /        /        
90.8%
        /        /    I   /        /        /        /        /        /        
90.8%
        /        /  you  /        /        /   be   /        /        /        
90.3%
        /        /  you.  /  you.  /  What /        /        /        /        
89.1%
        /        /  you,  /  you,  /        /        /        /        /        
88.2%
        /  you  /        /        /        /        /        /        /        
88.2%
        /        /        /        /        /        /        /  you  /  you  
88.2%
        /        /        /   on   /        / where /        /        /        
86.2%
        /        /        /        /   he   /        /        /        /        
85.6%
        /        /   be   /        /        /   to   / Catch /        /        
85.4%
        /        /        /        /   on   /        /        /        /        
85%
  day  /        /        /        /        /  they  /        /        /        
84.7%
        /        /        /  more /        /   will  /        /        /        
84.5%
        /        /        /  What /        /   We  / Never /        /        
84%
  day  /        /        /        /        /  with  /        /        /        
83.7%
        /        /  you'll /        /        /  day  /  amok /        /        
82.6%
 more! /       /Tomorrow/       /        / know. / Watch /        /        
82.5%
        /        /        /  day  /        / follow /        /        /        
82.4%
  day  /        /        /        /        /        /        /        /        
82.3%
  day  /        /        /        /        /        /        /        /        
82.3%
  day  /        /        /        /        /        /        /        /        
82.3%
  day  /        /        /        /        /        /        /        /        
82.3%
        /        /        /        /  day  /        /        /        /        
82.3%
        /        /        /        /  day  /        /        /        /        
82.3%
        /  day  /        /        /        /        /        /        /        
82.3%
        /        /        /        /        /        /        / the day/ the day
82.3%
  day  /        /        /        /        /        /        /        /        
82.3%
        /        /        /        /        /  day  /        /        /        
82.3%
        /        /        /        /        /        /        /  day  /        
82.3%
  day  /        /        /        /        /        /        /        /        
82.3%
  day  /        /        /        /        /        /        /        /        
82.3%
  day  /   day  /   day  /  day  /  day  /  day  /   day  /  day   /  day  
82.3%
  day  /   day  /   day  /  day  /  day  /  day  /  day   /  day   /  day  
82.3%
        /        /   we  /        /        /  little /        /        /        
82%
        /  me?  /        /        /        /        /       /The time/The time
82%
        /        / again?/ again?/  One  /        /        /        /        
82%
        /        /        /   my  /        /  they  /        /        /        
81.6%
 more! /        /        /        /        /  One  /        /        /        
81.6%
        /        /   we  /        /        /        /        /        /        
81.6%
        /        /   we  /   we  /        /        /        /        /        
81.6%
        /        /        /        /        /   We  /        /        /        
81.6%
   to   /        /        /        /        /        /        /        /        
81.6%
   to   /        /        /        /        /        /        /        /        
81.6%
        /        /   to   /   to   /        /        /        /        /        
81.6%
        /   to   /        /        /        /        /        /        /        
81.6%
        /        /        /        /        /   to   /        /        /        
81.5%
        /        /        /        /        /        /        /   to   /        
81.5%
        /        /        /        /        /        /        /        /   to   
81.5%
  One  /        /        /        /        /        /        /  here  /  here  
81.4%
  more /     /Tomorrow/Tomorrow/        /        /        /        /        
81.4%
        /        /  Will  /  Will  /  own.  /        /        /        /        
81.2%
        /        /        /  a life /        /   will  /  know /        /        
81.3%
 more! /        /        /        /        / blood! / Watch /        /        
81%
  more /        /    I   /        /        /        /        /        /        
80.8%
        /        /        /        /        /  more /   run  /        /        
80.6%
        /        /        /        /   me  /        /        /        /        
80.6%
  One  /        / parted /        /        /        /        /        /        
80.4%
        /        /        /        /        /        / much! /  One  /        
80.4%
  One  /        /        /        /      /themselves/      /        /        
80.3%
  more /        /        /        /        /        /        /        /        
80.2%
        /        /        /        /  more /        /        /        /        
80.2%
        /        /        /        /  more /        /        /        /        
80.2%
        /  more /        /        /        /        /        /        /        
80.2%
        /        /        /        /        /  more /        /        /        
80.2%
  One  /        /        /        /       /the things/       /        /        
80.2%
  more /  more /  more /  more /  more /  more /  more /  more /  more 
80.2%
  more /  more /  more /  more /  more /  more /  more /  more /  more 
80.2%
  more /  more /  more /  more /  more /  more /  more /  more /  more 
80.2%
        /        /        /        /  One  /        /        /        /        
80.2%
       /the storm!/  Do  /        /        /        /        /        /        
80.2%
  One  /        /        /        /        /        /        /        /        
80.2%
  One  /        /        /        /        /        /        /        /        
80.2%
        /  One  /        /        /        /        /        /        /        
80.1%
  One  /  One  /  One  /  One  /  One  /  One  /  One  /  One  /  One  
80.1%
  One  /  One  /  One  /  One  /  One  /  One  /  One  /  One  /  One  
80.1%
  One  /  One  /  One  /  One  /  One  /  One  /  One  /  One  /  One  
80.1%
        /        /   be   /   be   /        /        /        /        /        
79.9%
        /        /   be   /   be   /        /        /        /        /        
79.9%
        /        /   be   /   be   /        /        /        /        /        
79.9%
        /        /        /        /        /   be   /        /        /        
79.9%
% Correct
        /        /        /        /        /        /        /   be   /        
79.9%
        /        /        /        /        /        /        /        /   be   
79.9%
        /        /        /        /        /        /        /        /   be   
79.9%
   be   /        /        /        /        /        /        /        /        
79.9%
        /        /   did  /        /        /   will  /        /        /        
79.8%
        /        /  How  /  own! /        /   go   /        /        /        
79.2%
        /  form  /   Do  /        /        /        /        /        /        
79%
        /  Will  / dare? /        /        /        /        /        /        
79%
  Will  /        /        /        /        /        /        /        /        
78.9%
        /        /   will  /   will  /        /        /        /        /        
78.9%
        /        /        /        /        /   will  /        /        /        
78.9%
        /        /        /        /        /   will  /        /        /        
78.9%
        /        /        /        /        /        /        /   will  /        
78.9%
        /        /        /        /        /        /        /        /   will  
78.9%
        /        /        /        /        /   will  /        /        /        
78.9%
        /        /   do   /        /        /        /        /        /        
78.8%
        /        /        /        /        /        /        /   Do  /   Do  
78.8%
        /  When / there? /        /        /        /        /        /        
78.8%
        /        /        / might /        /    it   /  luck  /        /        
78.1%
        /        /   my  /        /        / ready /        /        /        
78.1%
   my  /        /        /        /        /        /        /        /        
77.5%
        /        /   my  /   my  /        /        /        /        /        
77.5%
        /        /        /        /   my  /        /        /        /        
77.5%
        /        /   my  /        /        /        /        /        /        
77.5%
        /        /   My  /        /        /        /        /        /        
77.5%
        /        /  world /        /        /   for  /        /        /        
76.6%
        /        /   not  /        /        /  join  /        /        /        
76.5%
        /        /  when /        /        /  their /        /        /        
76.5%
        /        /        /        /        /   in   /        /        /        
76.4%
   in   /   in   /   in   /   in   /   in   /   in   /   in   /   in   /   in   
76.4%
   in   /   in   /   in   /   in   /   in   /   in   /   in   /   in   /   in   
76.4%
        /        /        /        /        /        /        /   is   /   is   
76%
        /        /        /        /        /        /        /   is   /   is   
76%
        /        /   is   /        /        /        /        /        /        
76%
   is   /        /        /        /        /        /        /        /        
76%
        /   of   /        /        /        /        /        /        /        
75.7%
        /        /        /        /        /        /   of   /        /        
75.7%
        /        /        /        /        /        /        /        /   of   
75.7%
        /        /   not  /        /        /        /        /        /        
75.5%
        /        /        /        /   not  /        /        /        /        
75.5%
        /        /  can  /        /        /        /        /        /        
75.3%
        /        /  when /        /        /        /        /        /        
75.2%
Tomorrow/       /  has  /        /        / these /        /        /        
75.3%
        /        /        /        /        /        /  When /        /        
75.2%
        /        / worlds /        /       /revolution/ them /        /        
75.1%
        /        /  with  /        /        / We'll/a free-for-all/      /        
74.9%
        /        /        /        /        /    it   /        /        /        
74.3%
        /        /   are  /        /        /secrets,/        /        /        
73.8%
        /        /   are  /        /        /        /        /        /        
73.5%
        /        /        /        /        /        /   are  /        /        
73.5%
        /        /  with  /  with  /        /        /        /        /        
73.4%
        /        /        /        /  with  /        /        /        /        
73.4%
        /        /  with  /  with  /        /        /        /        /        
73.4%
        /  with  /        /        /        /        /        /        /        
73.4%
        /        /  with  /        /        /        /        /        /        
73.4%
        /        /  live  /        /        / these /        /        /        
73.3%
        /        /        /        /        /  They /        /        /        
73.1%
        /        /        /        /        /        /  they  /        /        
73.1%
        /        /        /        /        /        /  they  /        /        
73.1%
        /        /        /        /        /        /  they  /        /        
73.1%
        /        /        /        / there! /        /        /        /        
72.3%
        /        /        /        /        /        / There /        /        
72.3%
        /        /        /        /        /        /        /  hear  /  hear  
71.6%
        /        /        /        /        /   for  /        /        /        
71.5%
        /        /        /        /        /        /        /   for  /        
71.5%
        /        /   yet  / known!/        / the bud/ there's/        /        
71.3%
        /        /        /        /        /        /   So  /        /        
71.1%
  know /        /        /        /        /        /        /        /        
71%
        /        /        /        /        /        /  know /        /        
71%
        /        /        /        /        /  know /        /        /        
71%
never-ending/   /        /        /        /        /        /        /        
70.8%
        /        /        /        / never /        /        /        /        
70.8%
        /        /        /        /        /        / Never /        /        
70.8%
  who  /        /        /        /        /        /        /        /        
70.5%
        /        /  live  /        /        /  learn /        /        /        
70.5%
        /        /        /        /        /        /    /the people/the people
70.3%
        /        /        /        /        /        / them /        /        
70.2%
        /        /        /        /        /        / them /        /        
70.2%
        /        /        /        /        /        /  them /        /        
69.9%
  we'll  /        / started/        /      /schoolboys/       /        /        
69.9%
        /        /  live  /        /        /        /        /        /        
69.9%
        /        /  live  /        /        /        /        /        /        
69.9%
Another/        /        /        /        /        /        /        /        
69.9%
another/        /        /        /        /        /        /        /        
69.9%
        /        /        /        /        /        /        /  sing? /  sing? 
69.7%
        /        /        /        /  him  /        /        /        /        
69.3%
        /        /  How  /        /        /        /        /        /        
69%
  men  /        /        /        /        /        /        /        /        
68.9%
        /        /  has  /  has  /        /        /        /        /        
68.2%
  has  /  has  /  has  /  has  /  has  /  has  /  has  /  has  /  has  
68.2%
        /        /        /        /  have /        /        /        /        
68.1%
  time  /        /        /        /        /        /        /        /        
68%
        /        /        /        /   all   /        /        /        /        
68%
        /        /        /   all   /        /        /        /        /        
68%
        /  your  /        /        /        /        /        /        /        
67.9%
        /        /        /        /        /        /  your  /        /        
67.9%
  This  /        /        /        /        /        /        /        /        
67.8%
        /        /  world /  world /        /        /        /        /        
67.6%
        /        /        /        /        /        /        /  world /        
67.6%
        /        /        /        /        /        /        /        /  world 
67.6%
% Correct
 These /        /        /        /        /        /        /        /        
67.2%
        /        /        /        /        / these /        /        /        
67.2%
        /        /  away /        /        /        /   as   /        /        
66.9%
        /        /  true! /  true! /   But  /        /        /        /        
66.8%
        /        /        /        /  a life /        /        /        /        
66.8%
  come /        /        /        /        /        /        /        /        
66.7%
        /        /  ever  /  ever  /        /        /        /        /        
66.6%
        /        /  away /  away /        /        /        /        /        
66.6%
 away, /        /        /        /        /        /        /        /        
66.6%
        /        /        /        /       /revolution,/       /        /        
66.4%
        /        /  until  /        /        /people's/        /        /        
66.3%
        /   At   / goes? /        /        /        /        /        /        
66.2%
        /        /  until  /        /        /        /        /        /        
66%
        /        /        /        /        /        /  Here /        /        
65.9%
        /        /  here, /        /        /        /        /        /        
65.9%
        /        / today /        /        / heroes/        /        /        
65.5%
 destiny/        /        /        /        /        /        /        /        
65.5%
        /        /        /        /        /        /   as   /        /        
65.5%
        /        / today /        /        /        /        /        /        
65.2%
        /        /  she  /        /        /        /        /        /        
64.8%
        /        /started!/started!/        /        /        /        /        
64.6%
        /        /        /        /        /   nip  /        /        /        
64.2%
        /        / where /        /        /        /        /        /        
63.7%
        /        /   did  /        /        /        /        /        /        
63.6%
        /        /        /        /        /   wet  /        /        /        
63.5%
        /        /        /        /        /        /  fall,  /        /        
63.5%
        /        /        /        /        /        /   fall  /        /        
63.5%
        /        /        /        /        /the bud!/        /        /        
63.4%
        /        /        /        /        /  We'll /        /        /        
63.4%
  we'll  /  we'll  /  we'll  /  we'll  /  we'll  /  we'll  /  we'll  /  we'll  /  we'll  
63.4%
        /   our  /        /        /        /        /        /        /        
63.3%
   our  /   our  /   our  /   our  /   our  /   our  /   our  /   our  /   our  
63.3%
        /        /  you'll /  you'll /        /        /        /        /        
63.2%
        /        /        /        /  saw  /        /        /        /        
63.2%
  road  /        /        /        /        /        /        /        /        
63.1%
  What /  What /  What /  What /  What /  What /  What /  What /  What 
63%
        /        /  meet /  meet /        /        /        /        /        
63%
        /        /  fight  /        /        /        /        /        /        
62.8%
        /        /        /        /      /schoolboys,/      /        /        
62.5%
        /        /        /        /        /        /        /  now,  /  now,  
62.3%
        /        /  was  /  was  /        /        /        /        /        
62.3%
        /freedom./  Shall /        /        /        /        /        /        
61.9%
        /        /   yet  /   yet  /        /        /        /        /        
61.9%
        /        / worlds / worlds /        /        /        /        /        
61.7%
        /        /        /        / might /        /        /        /        
61.7%
Tomorrow/       /        /        /        /        /        /        /        
61.3%
Tomorrow/Tomorrow/Tomorrow/Tomorrow/Tomorrow/Tomorrow/Tomorrow
61.3%
        /  place /        /        /        /        /        /        /        
60.7%
        /        /  place /        /        /        /        /        /        
60.7%
        / before /        /        /        /        /        /        /        
60.3%
        /        /        /        /        /        / a little /        /        
60.3%
        /        /        /        /        /        / a little /        /        
60.3%
        /        /        /        /        /        /        /There's/ a king 
60.2%
 crime /        /        /        /        /        /        /        /        
60.1%
  seem /        /        /        /        /        /        /        /        
60.1%
        /        /        /        /        /        /        /        /  won  
59.7%
Calvary/        /        /        /        /        /        /        /        
59.7%
 surely /        /        /        /        /        /        /        /        
59.6%
        /        /        /        /        / ready /        /        /        
59.3%
a second/       /        /        /        /        /        /        /        
59.2%
        /        /        /        /        /        /      /the winning/There's
59%
        /        /        /        /        /        / Catch /        /        
58.8%
        /        /        /        /        /        / there's/        /        
58.2%
        /        /        /        /        /        /        /        /freedom
57.9%
        /        /  born  /  born  /        /        /        /        /        
57.8%
        /  take  /        /        /        /        /        /        /        
57.7%
        /        /  join  /        /        /        /        /        /        
57.7%
        /        /  stay; /        /        /        /        /        /        
57.4%
        /        /        /        /        /        /  won't /        /        
57.4%
        /        /        /        /        /        /   run  /        /        
57.3%
        /        / follow /        /        /        /        /        /        
56.9%
        /        / swear / swear /        /        /        /        /        
56.7%
        /  begin /        /        /        /        /        /        /        
56.5%
        /        /        /        /        /        /  luck  /        /        
56.3%
        /        /        /        /        /      /a free-for-all/      /        
56.3%
        /        /brothers/        /        /        /        /        /        
56%
        /        /        /        /        /        /  miss /        /        
55.3%
  God  /  God  /  God  /  God  /  God  /  God  /  God  /  God  /  God  
55.3%
        /        /        /        /        /        /        / a new /        
55.2%
        /        /        /        /        /        /        / a new /        
55.2%
        /        /        /        /        /        /        /        / a new 
55.2%
 store! / store! / store! / store! / store! / store! / store! / store! / store! 
55%
Heaven/Heaven/Heaven/Heaven/Heaven/Heaven/Heaven/Heaven/Heaven
54.5%
        /        /        /        /        /        /        /  man  /        
54.2%
        /        /        /        /        /        /        /        /  man  
54.2%
  dawn /  dawn /  dawn /  dawn /  dawn /  dawn /  dawn /  dawn /  dawn 
53.8%
        /        /        /        /        /        / amok, /        /        
53.1%
        /        /        /        /        /        /        / Every /  high! 
52.7%
        /        /        /        /        /        /  Most /        /        
52.6%
        /        /        /        /        /        /        / a king / Every 
52%
        /        /        /        /        /        /       /beginning/ Raise 
51.6%
     /the barricades/     /        /        /        /        /        /        
51.3%
        / ranks /        /        /        /        /        /        /        
49.7%
discover/discover/discover/discover/discover/discover/discover/discover
49.6%
        /        /        /        /        /        / goners/        /        
48.1%
        /        /        /        /        /        /        /        / the flag
47.9%
        /        /        /        /        /        / touch /        /        
47.7%
the judgement/  /        /        /        /        /        /        /        
47.4%
   far  /        /        /        /        /        /        /        /        
44.4%
        /        /        /        /        /        /   dip  /        /        
39.1%
Remove Ads.
Support Sporcle.
Get the best of Sporcle when you Go Orange. This ad-free experience offers more features, more stats, and more fun while also helping to support Sporcle. Thank you for becoming a member.

You're not logged in!

Compare scores with friends on all Sporcle quizzes.
OR
Log In

Show Comments

Extras

Top Quizzes Today


Score Distribution

Your Account Isn't Verified!

In order to create a playlist on Sporcle, you need to verify the email address you used during registration. Go to your Sporcle Settings to finish the process.

Report this User

Report this user for behavior that violates our Community Guidelines.

Details: